Detalles MARC
| 000 -LEADER |
| fixed length control field |
01882nam a2200469Ii 4500 |
| 001 - CONTROL NUMBER |
| control field |
DIGHERDER0311 |
| 003 - CONTROL NUMBER IDENTIFIER |
| control field |
NyNyDIG |
| 007 - PHYSICAL DESCRIPTION FIXED FIELD--GENERAL INFORMATION |
| fixed length control field |
cr ||||||||||| |
| 008 - FIXED-LENGTH DATA ELEMENTS--GENERAL INFORMATION |
| fixed length control field |
220504s2017 sp ob 001 0 spa d |
| 006 - FIXED-LENGTH DATA ELEMENTS--ADDITIONAL MATERIAL CHARACTERISTICS |
| fixed length control field |
m o d |
| 035 ## - SYSTEM CONTROL NUMBER |
| System control number |
(OCoLC)1335136153 |
| 040 ## - CATALOGING SOURCE |
| Original cataloging agency |
DGITA |
| Language of cataloging |
eng |
| Description conventions |
rda |
| -- |
pn |
| Transcribing agency |
DGITA |
| 020 ## - INTERNATIONAL STANDARD BOOK NUMBER |
| International Standard Book Number |
9788425439568 |
| Qualifying information |
eBook |
| -- |
ePub |
| 020 ## - INTERNATIONAL STANDARD BOOK NUMBER |
| Canceled/invalid ISBN |
9788425439537 |
| 041 1# - LANGUAGE CODE |
| Language code of text/sound track or separate title |
spa |
| Language code of original |
ita |
| 050 14 - LIBRARY OF CONGRESS CALL NUMBER |
| Classification number |
BX1378.7 ebook |
| 100 1# - MAIN ENTRY--PERSONAL NAME |
| Personal name |
Viganò, Dario Edoardo, |
| Dates associated with a name |
1962- |
| Relator term |
author. |
| 240 10 - UNIFORM TITLE |
| Uniform title |
Fratelli e sorelle, buonasera. |
| Language of a work |
Spanish |
| Version |
(Moreno Carrillo) |
| 245 10 - TITLE STATEMENT |
| Title |
En salida : |
| Remainder of title |
Francisco y la comunicación / |
| Statement of responsibility, etc. |
Darío Edoardo Viganò ; traducción de Bernardo Moreno Carrillo. |
| 250 ## - EDITION STATEMENT |
| Edition statement |
Edición digital. |
| 264 #1 - PRODUCTION, PUBLICATION, DISTRIBUTION, MANUFACTURE, AND COPYRIGHT NOTICE |
| Place of production, publication, distribution, manufacture |
Barcelona : |
| Name of producer, publisher, distributor, manufacturer |
Herder, |
| Date of production, publication, distribution, manufacture, or copyright notice |
2017. |
| 300 ## - PHYSICAL DESCRIPTION |
| Extent |
1 online resource. |
| 336 ## - CONTENT TYPE |
| Content type term |
text |
| Content type code |
txt |
| Source |
rdacontent |
| 337 ## - MEDIA TYPE |
| Media type term |
computer |
| Media type code |
c |
| Source |
rdamedia |
| 338 ## - CARRIER TYPE |
| Carrier type term |
online resource |
| Carrier type code |
cr |
| Source |
rdacarrier |
| 347 ## - DIGITAL FILE CHARACTERISTICS |
| File type |
text file |
| Source |
rdaft |
| 347 ## - DIGITAL FILE CHARACTERISTICS |
| Encoding format |
EPUB |
| 504 ## - BIBLIOGRAPHY, ETC. NOTE |
| Bibliography, etc. note |
Includes bibliographical references and index. |
| 588 0# - SOURCE OF DESCRIPTION NOTE |
| Source of description note |
Online resource; title from ePub title page (Digitalia, viewed May 04, 2022) |
| 600 00 - SUBJECT ADDED ENTRY--PERSONAL NAME |
| Personal name |
Francis, |
| Titles and other words associated with a name |
Pope, |
| Dates associated with a name |
1936- |
| 650 #0 - SUBJECT ADDED ENTRY--TOPICAL TERM |
| Topical term or geographic name entry element |
Popes |
| General subdivision |
Infallibility. |
| 650 #0 - SUBJECT ADDED ENTRY--TOPICAL TERM |
| Topical term or geographic name entry element |
Communication |
| General subdivision |
Religious aspects |
| -- |
Catholic Church |
| 655 #0 - INDEX TERM--GENRE/FORM |
| Genre/form data or focus term |
Electronic books. |
| 700 1# - ADDED ENTRY--PERSONAL NAME |
| Personal name |
Moreno Carrillo, Bernardo, |
| Relator term |
translator. |
| 700 1# - ADDED ENTRY--PERSONAL NAME |
| Relationship information |
Translation of: |
| Personal name |
Viganò, Dario Edoardo, |
| Dates associated with a name |
1962- |
| Title of a work |
Fratelli e sorelle, buonasera. |
| 791 2# - |
| -- |
Digitalia (Firm), |
| -- |
distributor. |
| 793 0# - |
| -- |
Digitalia eBook Collection: |
| -- |
Herder Editorial |
| 776 08 - ADDITIONAL PHYSICAL FORM ENTRY |
| Relationship information |
Print version: |
| Main entry heading |
Viganò, Dario Edoardo, 1962- |
| Uniform title |
Fratelli e sorelle, buonasera. Spanish (Moreno Carrillo). |
| Title |
En salida. |
| Place, publisher, and date of publication |
Barcelona : Herder, 2017 |
| International Standard Book Number |
9788425439537 |
| 856 40 - ELECTRONIC LOCATION AND ACCESS |
| Materials specified |
Digitalia Hispánica |
| Uniform Resource Identifier |
<a href="https://www.digitaliapublishing.com/a/61329/">https://www.digitaliapublishing.com/a/61329/</a> |
| 910 ## - USER-OPTION DATA (OCLC) |
| User-option data |
Premium collection: 2022 |
| 942 ## - ADDED ENTRY ELEMENTS (KOHA) |
| Koha item type |
Recurso Electrónico |